000
00314 a2200109 4500
001
ART_46786
005
20260410162000.0
008
260409a
245
1
0
_a
Europa en transición
100
1
_a
Kühnhardt, Ludger
773
0
_t
Archivos del presente
_g
- Año 16, Nº 57/58 (ene. 2012)
_w
REV28180
999
_c
31172
_d
31172